Words With 10+ Letters - Statistics

General Stats
  • This quiz has been taken 13 times
  • The average score is 5 of 17
Answer Stats
Hint Answer % Correct
Place where you have a snack, usually in schools (pl.) Cafeterias
69%
Country that borders Morocco and Algeria Mauritania
62%
A spoon larger than a teaspoon Tablespoon
62%
Capital of the above Nouakchott
38%
A joke or comment designed to ease the tense ambient Icebreaker
31%
Faxes Facsimiles
23%
A non-native of that region (pl.) Foreigners
23%
A figure that has four right angles and two pairs of parallel sides (pl.) Rectangles
23%
A strong desire to travel about Wanderlust
23%
Fear of the above Xenophobia
23%
To make it easier or less difficult Facilitate
15%
Four-footed (pl.) Quadrupeds
15%
Partly open to all people Semipublic
15%
Able to be produced Fabricable
8%
Speech of meaningless words Jabberwock
8%
A substance that causes an increase in the flow of tears Lacrimator
8%
Character usually used for excerts of texts (pl.) Quotations
8%
No matching quizzes found
Score Distribution
Percent of People with Each Score
Percentile by Number Answered
Your Score History
You have not taken this quiz